[Event "Stuttgart-chB int"]
[Site "Ditzingen"]
[Date "2005.05.06"]
[Round "4"]
[White "Muff, Simon"]
[Black "Gabriel, Alexander"]
[Result "0-1"]
[WhiteElo "1267"]
[BlackElo "1867"]
[PlyCount "80"]
[EventDate "2005.05.05"]
[EventType "swiss"]
[EventRounds "7"]
[EventCountry "GER"]
[SourceTitle "EXT 2018"]
[Source "ChessBase"]
[SourceDate "2017.10.13"]
[SourceVersion "1"]
[SourceVersionDate "2017.10.13"]
[SourceQuality "1"]

1. d4 Nf6 2. c4 g6 3. Nc3 Bg7 4. e4 d6 5. f4 0-0 6. Nf3 c5 7. e5 dxe5 8. fxe5 Nfd7 9. Bf4 cxd4 10. Qxd4 Nc6 11. Qe3 Qa5 12. Bh6 Ndxe5 13. Bxg7 Kxg7 14. Be2 Be6 15. Nxe5 Qxe5 16. Qxe5+ Nxe5 17. Nd5 Bxd5 18. cxd5 Rad8 19. Rd1 Rd6 20. 0-0 Rfd8 21. Rc1 Rxd5 22. Rc7 R8d7 23. Rxd7 Rxd7 24. Rd1 Rxd1+ 25. Bxd1 f5 26. Be2 Kf6 27. Kf2 h5 28. Kg3 Kg5 29. h4+ Kf6 30. Kf4 Ng4 31. a4 e5+ 32. Kf3 g5 33. g3 e4+ 34. Kg2 Ne3+ 35. Kf2 Ng4+ 36. Kg2 gxh4 37. gxh4 f4 38. Kh3 f3 39. Bxf3 exf3 40. Kg3 f2 0-1